XIII Censo de Población 29 de noviembre de 1960: provincia de O'Higgins

Wedi'i Gadw mewn:
Manylion Llyfryddiaeth
Awdur Corfforaethol: Dirección de Estadística y Censos (Awdur)
Fformat: Llyfr
Iaith:Sbaeneg
Cyhoeddwyd: Santiago Dirección de Estadística y Censos 1965
Cyfres:B, 8
Pynciau:
Tagiau: Ychwanegu Tag
Dim Tagiau, Byddwch y cyntaf i dagio'r cofnod hwn!

MARC

LEADER 00000nam a2200000 a 4500
001 UCO4221
003 CL-VaPUC
008 000728e19650000CL |||||||||||||||||spa|d
082 0 4 |a 310.983  |b DIR  |2 21 
110 2 |a Dirección de Estadística y Censos  |e author  |9 448488 
245 1 0 |a XIII Censo de Población 29 de noviembre de 1960: provincia de O'Higgins 
300 |a 141 p 
942 |c BK 
945 |d 20000728 00:00:00  |a crobeson 
260 |a Santiago  |b Dirección de Estadística y Censos  |c 1965 
650 7 |a CENSOS  |2 CL-VaPUC  |9 317246 
650 0 |a Población  |9 257577 
650 0 |a Datos estadísticos  |9 329380 
651 7 |a CHILE  |2 CL-VaPUC  |9 448489 
651 7 |a RANCAGUA  |2 CL-VaPUC  |9 318033 
583 |a last modification  |c 20120831 12:35:12  |k Rodrigo Vera 
490 0 |a B, 8 
999 |c 290286  |d 290284 
952 |0 0  |1 0  |4 0  |6 310_983000000000000_DIR_1965  |7 0  |8 X  |9 339624  |a BIBHIS  |b BIBHIS  |d 2019-11-20  |i 1212117  |o 310.983 DIR 1965  |p 1212117  |r 2024-01-30  |w 2019-11-20  |y BK_X  |k HIS